| 000 | 01627cad a22002655a 4500 | ||
|---|---|---|---|
| 001 | E147804 | ||
| 008 | 090619s2009 xxk f s000 0 eng d | ||
| 035 | _a(Sirsi) u147804 | ||
| 041 | 0 | _aeng | |
| 110 | 2 |
_aScotland _kLaws, etc |
|
| 245 | 0 | 4 |
_aThe Town and Country Planning (Inquiries Procedure) (Scotland) Amendment Rules 2009 _h[electronic resource] |
| 260 |
_aEdinburgh _bScottish Government _c2009 |
||
| 490 | 0 |
_aScottish Statutory Instrument _v2009: 212 |
|
| 520 | _aThese Rules amend the Town and Country Planning (Inquiries Procedure) (Scotland) Rules 1997 and the Town and Country Planning Appeal (Determination by Appointed Person) (Inquiries Procedure) (Scotland) Rules 1997. The amendments provide that those Rules do not apply to inquiries held in connection with appeals whose procedure is regulated by the Town and Country Planning (Appeals) (Scotland) Regulations 2008, or appeals relating to the discharge of planning obligations and good neighbour agreements. | ||
| 520 | _aComes into force 3 August 2009. | ||
| 521 | _aAdvanced | ||
| 590 | _aKA | ||
| 650 | 2 | 4 | _aTOWN AND COUNTRY PLANNING (INQUIRIES PROCEDURE) (SCOTLAND) AMENDMENT RULES 2009 |
| 650 | 2 | 4 | _aTOWN AND COUNTRY PLANNING (INQUIRIES PROCEDURE) (SCOTLAND) RULES 1997 |
| 650 | 2 | 4 | _aTOWN AND COUNTRY PLANNING APPEAL (DETERMINATION BY APPOINTED PERSON) (INQUIRIES PROCEDURE) (SCOTLAND) RULES 1997 |
| 651 | 4 |
_aScotland _y1999- |
|
| 690 |
_aPlanning and development _96259 |
||
| 856 | 4 | 0 |
_uhttps://www.opsi.gov.uk/legislation/scotland/ssi2009/ssi_20090212_en_1 _zView the statutory instrument free of charge at www.opsi.gov.uk... |
| 942 | _n0 | ||
| 999 |
_c109729 _d109729 |
||